Fire protection handbook / (Record no. 1812)

000 -LEADER
fixed length control field 00428nam a22001457a 4500
008 - FIXED-LENGTH DATA ELEMENTS--GENERAL INFORMATION
fixed length control field 200204b ||||| |||| 00| 0 eng d
082 00 - DEWEY DECIMAL CLASSIFICATION NUMBER
Classification number 628.92
Item number C8431
245 10 - TITLE STATEMENT
Title Fire protection handbook /
250 ## - EDITION STATEMENT
Edition statement 18th ed.
260 ## - PUBLICATION, DISTRIBUTION, ETC. (IMPRINT)
Place of publication, distribution, etc Quincy:
Name of publisher, distributor, etc National Fire Protection Association,
Date of publication, distribution, etc 1997.
300 ## - PHYSICAL DESCRIPTION
Extent xxvii, chap1-11
650 #0 - SUBJECT ADDED ENTRY--TOPICAL TERM
Topical term or geographic name as entry element Fire Prevention
700 ## - ADDED ENTRY--PERSONAL NAME
9 (RLIN) 1427
Personal name Cote, Arthur E.
Relator term editor
942 ## - ADDED ENTRY ELEMENTS (KOHA)
Item type Books
Holdings
Withdrawn status Lost status Source of classification or shelving scheme Damaged status Not for loan Permanent location Current location Date acquired Source of acquisition Full call number Barcode Date last seen Cost, replacement price Koha item type
          IMU Kolkata IMU Kolkata 2000-04-07 Shankars Book Agency 628.92 C8431 09030 2020-02-04 9345.00 Books
Designed and Maintained by IMU-KC Library, Kolkata Campus © Copyright All Rights Reserved

webs counters

Powered by Koha